000 00298nam a22001337a 4500
008 171010b xxu||||| |||| 00| 0 eng d
020 _a9780534187385
041 _aeng
080 _25TH
_a316
100 _a50
101 _aSOC
245 _aMARRIAGES AND FAMILIES
_cLAMANNA,M.A
942 _2udc
_cBK
999 _c32988
_d32988